000 02916cam a22012134i 4500
003 PE-LiUPU
005 20250813185419.0
008 150623s r 000 0 d
020 _a9562012514
035 _a(Sirsi) i9789562012515
040 _aPE-LiUPU
_bspa
_cPE-LiUPU
_erda
049 _aPRUA
082 0 4 _a372.6071
_bC745t
_223
100 1 _aCondemarín, Mabel,
_eautor.
245 1 0 _aTaller de lenguaje :
_bmodulos para desarrollar el lenguaje oral y escrito /
_cMabel Condemarín, Viviana Galdames y Alejandra Medina.
264 1 _aSantiago, Chile :
_bDolmen Ediciones,
_c1997.
300 _a223 páginas :
_bilustraciones, gráficos ;
_c26 centímetros.
336 _atext
_2rdacontent
337 _aunmediated
_2rdamedia
338 _avolume
_2rdacarrier
490 0 _a(Dolmen. Educación)
504 _aIncluye bibliografía.
505 0 _aExpresion oral. -Lectura de textos. -Produccion de textos. -Otros contextos para desarrollar el lenguaje oral y escrito.
526 _aP202
526 _aP201
526 _aP163
526 _aP162
526 _aP161
526 _aP160
526 _aP148
526 _aP147
526 _aP146
526 _aP145
526 _aP144
526 _aP143
526 _aP142
526 _aP141
526 _aP140
526 _aP139
526 _aP138
526 _aP137
526 _aP136
526 _aP135
526 _aP134
526 _aP133
526 _aP129
526 _aP128
526 _aP127
526 _aP120
526 _aP119
526 _aP118
526 _aP116
526 _aP115
526 _aP114
526 _aP110
526 _aP109
526 _aP108
526 _aP104
526 _aP103
526 _aP102
526 _aP99
526 _aP98
526 _aP97
526 _aP96
526 _aP95
526 _aP93
526 _aP90
526 _aP89
526 _aP88
526 _aP83
526 _aP82
526 _aP62
526 _aP59
526 _aP58
526 _aP57
526 _aP51
526 _aP49
526 _aP48
526 _aP47
526 _aP29
526 _aP24
526 _aP20
526 _aP19
526 _aP17
526 _aP15
526 _aP14
526 _aP12
526 _aP10
526 _aP09
526 _aP08
526 _aP07
526 _aP06
526 _aP05
526 _aP04
526 _aP01
650 1 4 _aComprensión de lectura
_xMetodología.
_93177
650 1 4 _aArtes del lenguaje
_xEnseñanza básica.
_94084
700 1 _aGaldames, Viviana
_eautora.
700 1 _aMedina, Alejandra.
_eautora.
942 _2ddc
_cBOOK
949 _a372.44 C74
_wDEWEY
_c1
_i49033
_lCCODEBUL1
_mBUL
_r0
_sY
_tBOOK
_u2015-6-24
_xEDUCACION
_zUNKNOWN
_0COMPRA
_o.STAFF. Colección General
999 _c28180
_d28180
980 _81
_gALBERTO SANCHEZ Responsable de Automatización